| 000 | 00562nam a2200205Ia 4500 | ||
|---|---|---|---|
| 001 | 12397 | ||
| 003 | GE_BSU | ||
| 008 | 181216s||||||||xx |||||||||||||| ||und|| | ||
| 040 | _cGE_BSU | ||
| 080 | _a574(024):61(075.32) | ||
| 100 | _aДобринская,М.А. | ||
| 245 | _aУчебник биологической химии | ||
| 260 | _aЛенинград | ||
| 260 | _bМедицина | ||
| 260 | _c1968 | ||
| 300 | _a285стр. | ||
| 653 | _aУчебник биологической химии | ||
| 653 | _aბიოლოგია | ||
| 942 | _cBK | ||
| 999 |
_c45571 _d45571 |
||